Fundamentals of Product Design / (Record no. 32478)

000 -LEADER
fixed length control field 00410nam a22001697a 4500
003 - CONTROL NUMBER IDENTIFIER
control field NUST
020 ## - INTERNATIONAL STANDARD BOOK NUMBER
International Standard Book Number 9782940373178
038 ## - RECORD CONTENT LICENSOR
Staff Name Khadija
082 ## - DEWEY DECIMAL CLASSIFICATION NUMBER
Classification number 658.5752
Author Mark MOR
100 ## - MAIN ENTRY--PERSONAL NAME
Personal name Morris, Richard
9 (RLIN) 86317
245 ## - TITLE STATEMENT
Title Fundamentals of Product Design /
Statement of responsibility, etc. Richard Morris
260 ## - PUBLICATION, DISTRIBUTION, ETC.
Place of publication, distribution, etc. New York:
Name of publisher, distributor, etc. AvA Academia;
Date of publication, distribution, etc. 2009.
300 ## - PHYSICAL DESCRIPTION
Extent 184p. ;
Other physical details 22 cm.
500 ## - GENERAL NOTE
General note Paperback.
563 ## - BINDING INFORMATION
Binding note PB
942 ## - ADDED ENTRY ELEMENTS (KOHA)
Koha item type Book
Source of classification or shelving scheme
Holdings
Withdrawn status Lost status Source of classification or shelving scheme Damaged status Not for loan Permanent Location Current Location Shelving location Date acquired Total Checkouts Total Renewals Full call number Barcode Date last seen Date last checked out Price effective from Koha item type
          School of Mechanical & Manufacturing Engineering (SMME) School of Mechanical & Manufacturing Engineering (SMME) General Stacks 09/29/2015 1 2 658.5752 MOR SMME-1326 05/15/2025 01/01/2025 09/29/2015 Book
© 2023 Central Library, National University of Sciences and Technology. All Rights Reserved.